00788nam a2200217 a 4500001001000000003000800010005001700018007001000035008003500045020001800080040002400098082002900122245007400151260006200225300002100287500007700308650005000385650003600435700003700471710006200508000042775DO-SdBN20250217121329.0000042775140207s2009 dr 000 0 spa d a9789945427608 aDO-SdBNbspacBPMSU 4aRD863.08bA634c 200922200aAntología de cuentos infantiles /ceditora Eleanor Grimaldi Silié aSanto Domingo :bSecretaría de Estado de Cultura,c2009 a146 p. ;c23 cm. aIncluye datos biográficos de la compiladora en la solapa de la portada 4aCuentos infantiles dominicanos vColecciones  4aLiteratura infantil dominicana 1 aGrimaldi Silié, Eleanord1948-1 aRepública Dominicana. bSecretaria de Estado de Cultura